00619nam a2200205 a 4500008004100000020002200041100001500063245010300078250001200181260003800193300003400231504004100265500002000306650002700326700001600353700001700369003000100386005001700387040000900404  a0702138282 (pbk.) aBrevis, T.10aManagement principles:ba contemporary edition for africa /cT. Brevis, M.J. Vrba and A. de Klerk. a2nd ed. aCape Town :bJuta and Co.,c1997. axii, 519 p. :bill. ;c25 cm. aIncludes bibliographical references. aIncludes index. aIndustrial management. aVrba, M. J. ade Klerk, A.20230123125331.0 cNUST